| 000 | 00448nam a2200121 a 4500 | ||
|---|---|---|---|
| 005 | 20140414131939.0 | ||
| 008 | 110125s19uu xx 00 eng d | ||
| 050 |
_aTR 372.7 _bSa5 2002 |
||
| 100 | _aSanders, Nancy I. | ||
| 245 |
_aMunch & Learn: Math story mats : _b15 reproducible learning mats with instant activities that use munchable manipulatives to teach important math skills. |
||
| 260 |
_aNew York : _bScholastic , _c2002. |
||
| 999 |
_c112541 _d112541 |
||